Statistiken für Harry potter Familien

Klicken Sie hier um das Quiz zu spielen!

Allgemein

  • Dieses Quiz wurde 2.073 mal gespielt
  • Das Durchschnittsergebnis liegt bei 28 aus 46

Antwortstatistiken

HintAntwort% Korrekt
Potter familyHarry
100%
Weasley familyRon
98%
Malfoy familyDraco
96%
Granger familyHermine
96%
James
96%
Fred
95%
Dumbledore familyAlbus
94%
George
94%
Ginny
94%
Lily Luna
93%
Lily
92%
LovegoodLuna
92%
Lestrange familyBellatrix
91%
Longbottom familyNeville
91%
Lucius
88%
Molly
88%
Arthur
84%
Dursley familyDudley
84%
Bill
79%
Petunia
78%
Percy
77%
Vernon
74%
Albus Severus
68%
Charlie
67%
James Sirius
67%
Narzissa
67%
Aberforth
52%
Xenophilius
50%
Rowena
48%
RavenclawHelena
42%
Ariana
39%
Frank
35%
Rose
35%
Alice
33%
Magda
31%
Scorpius
30%
Hugo
24%
Rudolphus
22%
Marvolo
19%
Gaunt familyMerope
19%
Augusta
18%
Kendra
17%
Percival
17%
Rabastan
14%
Morfin
13%
Pandora
8%

Verteilung der Resultate

Perzentil nach korrekt beantworteten Fragen

Anzahl Personen mit jedem Resultat

Ihre Resultats-Entwicklung

Sie haben dieses Quiz noch nicht gespielt